02593nam a2200265 a 4500001001000000005001700010008004100027041000800068044000700076084002000083100004500103245008500148260006300233300001700296500038500313500030300698500101501001500001002016650005202026650005602078650003402134650004502168700006402213740005002277BRCA_258020190320203856.0271108s1876----sp-#---###---#000-0dspa-u aspa asp a174b.R64c18761 aCervantes Saavedra, Miguel ded1547-161610aEl Ingenioso Hidalgo Don Quijote de la Manchacpor Miguel de Cervantes Saavedra. aCádiz (España)bJosé Rodríguez y Rodríguezc1876 a5 v.c21 cm. aContenido : v 1. Vida de Miguel de Cervantes Saavedra por Ramón León Mainez. -- v 2. Primera parte. Advertencia de Máinez. Dedicatoria del autor. Prólogo del autor. Versos preliminares, comentario y notas, apéndices y mapa del Campo de Montiel en 1575. Texto. -- v 3. Texto. Notas y apéndices. v 4. Segunda parte. Prólogo del autor. Apéndices. Texto. -- v 5. Texto aEdición : Dirigido al Duque de Bejar. Impreso por primera vez en Madrid por Juan de la Cuesta el año de 1605, y ahora de nuevo publicado por vez primera en Cádiz por José Rodríguez y Rodríguez, bajo la dirección de Ramón León Máinez, Director de la Crónica de los Cervantistas aEn esta edición, el entusiasta y renombrado cervantista, León Máinez, restableció casi íntegro el texto de la edición príncipe e hizo un detenido estudio del Quijote, pero tomó en cuenta las enmiendas de la tercera de Cuesta (1608), varias de las cuales son arbitrarias. Su valor consiste, además, en haber restituido los títulos de ambas partes, que en su primera edición rezan como sigue: El Ingenioso Hidalgo..., la primera parte, y El Ingenioso Caballero..., la segunda parte. Por último, realza la calidad de esta edición la notable biografía de Cervantes, escrita por el Sr. Máinez, así como los eruditos comentarios y notas del mismo, los cuales no se refieren sólo al lenguaje, estilo y minucias literarias e históricas, sino también al contenido, intención y mensaje de la magna novela. Sus juicios son en muchos aspectos de la obra acertados, objetivos y justos. La parte tipográfica es más bien mala. Semipiel; lomeras con filetes dorados Lúdovik Osterc aQM16814aNovela españolayÉpoca clásica, 1500-170014aLiteratura españolayÉpoca clásica, 1500-170014aNovela españolaySiglo XVII14aDon Quijote (Personaje ficticio)eNovela1 aMáinez Fernández, Ramón Leónd1847-1917eBiógrafo0 aEl Ingenioso Hidalgo Don Quijote de la Mancha